| 000 | 00639nam a2200193 a 4500 | ||
|---|---|---|---|
| 005 | 20210219160512.0 | ||
| 008 | 081109s1988 mx r 000 0 spa d | ||
| 035 | _aUPN01000167002 | ||
| 049 | _aUNE | ||
| 080 | _a3.001.5 (7/8) CIE No.26. | ||
| 111 | 2 | _aReunión de Consulta de Ciencias Sociales, Caracas, Venezuela : 1988. | |
| 245 | 1 | 0 | _aCiencias Sociales II. |
| 260 |
_aParís : . _bUNESCO, _c1988. |
||
| 300 | _a210 p. | ||
| 440 | 0 | _aEstudios y documentos. Gran programa I. Reflexión sobre los- | |
| 690 | _aCiencias sociales- America Latina | ||
| 690 | _aInvestigacion en ciencias sociales- America Latina | ||
| 905 | _aUNESCO | ||
| 999 |
_c139113 _d139113 |
||